[Event "Mercredi 2025.02.19 ABCD"]
[Site "Montreal CAN"]
[Date "2025.03.12"]
[Round "4"]
[White "Mok, Yuen Tak"]
[Black "Latorre, Vincent"]
[Result "0-1"]
[WhiteElo "2136"]
[BlackElo "2368"]
[WhiteFideId "-1"]
[WhiteFideId "-1"]
[PlyCount "124"]
[GameId "2157618669932752"]
[EventDate "2025.02.19"]
[EventType "tourn"]
[EventRounds "5"]
[EventCountry "CAN"]

1. e4 g6 2. d4 Bg7 3. Nc3 d6 4. Be3 a6 5. Qd2 b5 6. O-O-O Bb7 7. f3 Nd7 8. h4 h5 9. Nh3 c5 10. dxc5 Nxc5 11. Ng5 Qc7 12. Nd5 Qc6 13. Kb1 Rc8 14. Nb4 Qc7 15. Nd5 Qc6 16. Rc1 Na4 17. Bd4 Bxd4 18. Qxd4 e5 19. Qd2 f6 20. Nh3 Qc5 21. Ne3 Nb6 22. c4 Qd4 23. Rd1 Qxd2 24. Rxd2 Nxc4 25. Bxc4 bxc4 26. Rxd6 Rh7 27. Rc1 Rhc7 28. Rb6 a5 29. Nf2 c3 30. Rxc3 Rxc3 31. bxc3 Rxc3 32. Nfd1 Rc7 33. Nb2 Bc6 34. Nbc4 a4 35. Rb8+ Kf7 36. Nd6+ Kg7 37. Nd5 Ra7 38. Nb4 Bd7 39. Nb7 Ne7 40. Nc5 Rc7 41. Nxd7 Rxd7 42. Kc2 g5 43. hxg5 fxg5 44. Ra8 Ng6 45. Rxa4 Nh4 46. Nd3 Nxg2 47. Nxe5 h4 48. Rb4 Ne3+ 49. Kc3 h3 50. Ng4 Nxg4 51. fxg4 Ra7 52. Rb2 Ra4 53. Re2 Kf6 54. Kb3 Rd4 55. a4 Ke5 56. a5 Rd6 57. Ra2 Rh6 58. a6 h2 59. a7 h1=Q 60. a8=Q Qd1+ 61. Rc2 Rb6+ 62. Kc3 Qd4# 0-1

[Event "Mercredi 2025.02.19 ABCD"]
[Site "Montreal CAN"]
[Date "2025.03.12"]
[Round "4"]
[White "Nassif, Aba"]
[Black "Jacquet, Stephane"]
[Result "1/2-1/2"]
[WhiteElo "2004"]
[BlackElo "2042"]
[WhiteFideId "-1"]
[WhiteFideId "-1"]
[PlyCount "131"]
[GameId "2157618670129375"]
[EventDate "2025.02.19"]
[EventType "tourn"]
[EventRounds "5"]
[EventCountry "CAN"]

1. d4 d6 2. c4 g6 3. Nc3 Bg7 4. e4 Nf6 5. f3 a6 6. Be3 c6 7. a4 a5 8. Nge2 Na6 9. Qd2 Nb4 10. Rc1 O-O 11. g4 e5 12. d5 Bxg4 13. fxg4 Nxg4 14. Ng3 Nxe3 15. Qxe3 Qh4 16. Qe2 Bh6 17. Rd1 f5 18. exf5 Bf4 19. Qf2 gxf5 20. Bg2 Rf6 21. Nge4 Nc2+ 22. Ke2 Qxf2+ 23. Nxf2 Ne3 24. Rdg1 Kh8 25. b3 Rg6 26. dxc6 Nxg2 27. c7 Nh4 28. Nd5 Rc8 29. Nd3 Bg5 30. Nb2 e4 31. c5 Nf3 32. Rxg5 Nxg5 33. Rg1 Nf7 34. Rxg6 hxg6 35. Nc4 dxc5 36. Ncb6 Nd6 37. Nxc8 Nxc8 38. Kd2 Kg7 39. Kc3 Kf7 40. Kc4 Ke6 41. Kxc5 Ke5 42. Nb6 Ne7 43. Kc4 Kd6 44. c8=Q Nxc8 45. Nxc8+ Ke5 46. Kc3 f4 47. Kd2 Kd4 48. Nd6 f3 49. Nb5+ Kc5 50. Ke3 Kb4 51. Nd6 b6 52. Nc4 Kxb3 53. Nxb6 Kb4 54. h4 Kb3 55. Nd7 Kxa4 56. Nc5+ Kb4 57. Nxe4 a4 58. Nf2 a3 59. Nd3+ Kc3 60. Nc1 Kc2 61. Na2 Kb3 62. Nc1+ Kc2 63. Na2 Kb2 64. Nb4 Kb3 65. Nd3 Kc3 66. Nc1 1/2-1/2

[Event "Mercredi 2025.02.19 ABCD"]
[Site "Montreal CAN"]
[Date "2025.03.12"]
[Round "4"]
[White "Pomerantz, Daniel"]
[Black "Genzling, Jerome"]
[Result "0-1"]
[WhiteElo "2108"]
[BlackElo "2104"]
[WhiteFideId "-1"]
[WhiteFideId "-1"]
[PlyCount "86"]
[GameId "2157618670117073"]
[EventDate "2025.02.19"]
[EventType "tourn"]
[EventRounds "5"]
[EventCountry "CAN"]

1. e4 c5 2. Nf3 g6 3. c4 Bg7 4. d4 cxd4 5. Nxd4 Nc6 6. Be3 Nf6 7. Nc3 d6 8. Be2 O-O 9. O-O Bd7 10. h3 Nxd4 11. Bxd4 Bc6 12. Qc2 a5 13. b3 Nd7 14. Bxg7 Kxg7 15. Rfd1 Qb6 16. a3 Rfc8 17. Rab1 Qd8 18. b4 b6 19. f4 f6 20. Bg4 Rc7 21. Qd3 Raa7 22. Ne2 h5 23. Nd4 Nf8 24. Be6 axb4 25. axb4 Ra4 26. Qb3 Be8 27. Ra1 Rca7 28. Rxa4 Rxa4 29. c5 bxc5 30. bxc5 Rxd4 31. Rxd4 Nxe6 32. Qxe6 Bf7 33. Rxd6 exd6 34. Qxd6 Qxd6 35. cxd6 Be8 36. Kf2 Kf7 37. Kg3 Ke6 38. Kh4 Kxd6 39. g4 Ke6 40. g5 f5 41. exf5+ Kxf5 42. Kg3 Ke4 43. Kh4 Bd7 0-1

[Event "Mercredi 2025.02.19 ABCD"]
[Site "Montreal CAN"]
[Date "2025.03.12"]
[Round "4"]
[White "Templonueva, Mark Geryl"]
[Black "Ali, Nehad"]
[Result "0-1"]
[WhiteElo "1904"]
[BlackElo "1955"]
[WhiteFideId "-1"]
[WhiteFideId "-1"]
[PlyCount "72"]
[GameId "2157618670129389"]
[EventDate "2025.02.19"]
[EventType "tourn"]
[EventRounds "5"]
[EventCountry "CAN"]

1. e4 e6 2. d4 d5 3. Nc3 Bb4 4. e5 c5 5. a3 cxd4 6. axb4 dxc3 7. Qg4 Kf8 8. Nf3 f5 9. Qd4 cxb2 10. Qxb2 Nc6 11. b5 Nce7 12. Bd3 a5 13. Ra4 Bd7 14. Qc3 b6 15. Ba3 Rc8 16. Qd4 Nh6 17. h3 Nf7 18. h4 g6 19. Bd6 h5 20. Ng5 Nxg5 21. hxg5 Kf7 22. g3 Ra8 23. Qe3 Nc8 24. Ba3 Na7 25. c4 dxc4 26. Rxc4 Nxb5 27. Bb2 Qb8 28. g4 Qb7 29. Rh4 hxg4 30. Rcxg4 Kg7 31. Bxf5 gxf5 32. g6 fxg4 33. Qg5 Qe4+ 34. Kf1 Qb1+ 35. Bc1 Qxg6 36. Qe7+ Kg8 0-1

[Event "Mercredi 2025.02.19 ABCD"]
[Site "Montreal CAN"]
[Date "2025.03.19"]
[Round "5"]
[White "Ali, Nehad"]
[Black "Boudreau, Daniel"]
[Result "0-1"]
[WhiteElo "1955"]
[BlackElo "1867"]
[WhiteFideId "-1"]
[WhiteFideId "-1"]
[PlyCount "84"]
[GameId "2157618670129391"]
[EventDate "2025.02.19"]
[EventType "tourn"]
[EventRounds "5"]
[EventCountry "CAN"]

1. c4 e6 2. d4 d5 3. Nc3 Bb4 4. Nf3 Nf6 5. e3 O-O 6. Bd2 b6 7. a3 Be7 8. cxd5 exd5 9. Bd3 c5 10. h3 Nc6 11. Rc1 Re8 12. O-O Bf8 13. Qa4 Bd7 14. Qc2 c4 15. Be2 Na5 16. Ne5 g6 17. g4 Nb7 18. Rce1 b5 19. Bf3 Rb8 20. Nxd5 Nxd5 21. Bxd5 Rxe5 22. dxe5 Bxg4 23. hxg4 Qxd5 24. Bc3 Nc5 25. f4 Nd3 26. Re2 Bc5 27. Kh2 Qe4 28. Bd2 g5 29. Bc1 Rb6 30. Kg3 Rh6 31. e6 Rxe6 32. fxg5 Qe5+ 33. Kh3 Qxg5 34. Rg1 Bd6 35. e4 Rh6+ 36. Kg2 Rh2+ 37. Kf3 Ne5+ 38. Kg3 Qh4+ 39. Kf4 Nd3+ 40. Kf5 Rh3 41. Rf1 Qe7 42. e5 Qe6+ 0-1

[Event "Mercredi 2025.02.19 ABCD"]
[Site "Montreal CAN"]
[Date "2025.03.19"]
[Round "5"]
[White "Barko, Maxim"]
[Black "Deboosere, Adam"]
[Result "1-0"]
[WhiteElo "1967"]
[BlackElo "1997"]
[WhiteFideId "-1"]
[WhiteFideId "-1"]
[PlyCount "191"]
[GameId "2157618670129376"]
[EventDate "2025.02.19"]
[EventType "tourn"]
[EventRounds "5"]
[EventCountry "CAN"]

1. d4 Nf6 2. c4 e6 3. Nf3 b6 4. g3 Bb7 5. Bg2 g6 6. O-O Bg7 7. Nc3 Ne4 8. Nxe4 Bxe4 9. Bh3 Bxf3 10. exf3 O-O 11. Bg2 c6 12. h4 d5 13. cxd5 cxd5 14. Bg5 Qd7 15. Qd2 Qa4 16. Be3 Nc6 17. Rfd1 Rfc8 18. Bf1 Qb4 19. Ba6 Rc7 20. Rac1 Qe7 21. Bf4 e5 22. dxe5 Bxe5 23. Bxe5 Qxe5 24. Qxd5 Rd8 25. Qxe5 Rxd1+ 26. Rxd1 Nxe5 27. f4 Nd7 28. Bb5 Nf6 29. Rd2 Kg7 30. Kg2 Rc5 31. Bf1 Rc7 32. Be2 Ne4 33. Rd4 Nf6 34. Bd1 Re7 35. Kf3 h5 36. a4 Rc7 37. Bb3 Re7 38. Bc2 Ng4 39. f5 Rc7 40. Bb3 gxf5 41. Kf4 Nxf2 42. Kxf5 f6 43. Rd6 Ng4 44. Ke6 Ne5 45. Bd1 Kg6 46. b3 Rc8 47. Rd4 Re8+ 48. Kd5 Rd8+ 49. Ke4 Re8 50. Kf4 Rc8 51. Rd2 Re8 52. Bc2+ Kg7 53. Kf5 Re7 54. Rd6 Ng4 55. Be4 Re5+ 56. Kf4 Re7 57. Bf5 Rc7 58. Bxg4 hxg4 59. Rd3 Kg6 60. Kxg4 Rg7 61. h5+ Kh6+ 62. Kf5 Rg5+ 63. Kxf6 Rxh5 64. g4 Rh1 65. g5+ Kh5 66. Rf3 Rg1 67. Rf5 Rg3 68. Rb5 Rg1 69. b4 Ra1 70. a5 bxa5 71. Rxa5 Rb1 72. g6+ Kh6 73. Rxa7 Rf1+ 74. Ke5 Kxg6 75. Kd6 Kf6 76. b5 Rb1 77. Kc6 Ke6 78. Ra2 Rc1+ 79. Kb7 Kd6 80. b6 Rb1 81. Rc2 Rb3 82. Rc6+ Kd7 83. Rc7+ Kd6 84. Rh7 Rb1 85. Rh6+ Kd7 86. Kb8 Rb2 87. Rh7+ Kc6 88. Rc7+ Kd6 89. b7 Rh2 90. Rc4 Kd5 91. Rc7 Kd6 92. Rc1 Kd7 93. Rc4 Rb2 94. Rc7+ Kd6 95. Kc8 Rh2 96. Rd7+ 1-0

[Event "Mercredi 2025.02.19 ABCD"]
[Site "Montreal CAN"]
[Date "2025.03.19"]
[Round "5"]
[White "Beaulieu, Pierre"]
[Black "Cosette, Richard"]
[Result "0-1"]
[WhiteElo "1720"]
[BlackElo "1824"]
[WhiteFideId "-1"]
[WhiteFideId "-1"]
[PlyCount "82"]
[GameId "2157618670129405"]
[EventDate "2025.02.19"]
[EventType "tourn"]
[EventRounds "5"]
[EventCountry "CAN"]

1. g3 g6 2. Bg2 Bg7 3. d3 Nf6 4. c3 d6 5. Nd2 O-O 6. Ngf3 Nbd7 7. a4 c5 8. O-O a5 9. e4 Rb8 10. Nc4 b5 11. axb5 Rxb5 12. Qa4 Ba6 13. Rd1 Nb6 14. Nxb6 Qxb6 15. c4 Rb4 16. Qxa5 Qxa5 17. Rxa5 Bb7 18. Nd2 Ng4 19. Rb5 Bd4 20. Rf1 Ne5 21. Rxb4 cxb4 22. Nb3 Bb6 23. Rd1 f5 24. d4 Nxc4 25. Bf1 d5 26. e5 Rc8 27. Bg5 Kf8 28. Rb1 Bc6 29. Be3 Ba4 30. Na1 b3 31. Rc1 Rc7 32. Bxc4 dxc4 33. d5 Bxe3 34. fxe3 c3 35. bxc3 Rxc3 36. Nxb3 Rxb3 37. Ra1 Bb5 38. Rd1 Rd3 39. Rc1 Rxd5 40. Kf2 Rxe5 41. Kf3 Kf7 0-1

[Event "Mercredi 2025.02.19 ABCD"]
[Site "Montreal CAN"]
[Date "2025.03.19"]
[Round "5"]
[White "Cardin, Guillaume"]
[Black "Nassif, Aba"]
[Result "1/2-1/2"]
[WhiteElo "2067"]
[BlackElo "2004"]
[WhiteFideId "-1"]
[WhiteFideId "-1"]
[PlyCount "127"]
[GameId "2157618670129377"]
[EventDate "2025.02.19"]
[EventType "tourn"]
[EventRounds "5"]
[EventCountry "CAN"]

1. d4 Nf6 2. c4 c5 3. d5 b5 4. Qc2 bxc4 5. e4 d6 6. Bxc4 g6 7. Nc3 Bg7 8. Nf3 O-O 9. O-O Nbd7 10. h3 Nb6 11. Be2 a5 12. Bf4 a4 13. Rad1 Nfd7 14. Rfe1 Ba6 15. Bxa6 Rxa6 16. e5 Nc4 17. Nxa4 Ncxe5 18. Nxe5 Nxe5 19. Nc3 Qb6 20. Bg5 Ra7 21. b3 f5 22. Qd2 Qb4 23. f4 Nf7 24. Ne2 Nxg5 25. fxg5 Be5 26. Qxb4 cxb4 27. Nd4 Bg3 28. Re2 Rfa8 29. Rdd2 Bf4 30. Rc2 Bxg5 31. Nc6 Rb7 32. Rc4 Kf7 33. Rxb4 Rxb4 34. Nxb4 Ra5 35. a4 Bf6 36. Rc2 h5 37. Rc7 h4 38. Kf2 g5 39. Kf3 Kg6 40. Nc6 Rxd5 41. Nxe7+ Bxe7 42. Rxe7 Rd3+ 43. Re3 g4+ 44. Ke2 Rd5 45. Rd3 Re5+ 46. Kd2 Kg5 47. Rxd6 Kf4 48. hxg4 fxg4 49. Rd3 h3 50. gxh3 g3 51. Rd4+ Kf3 52. Rg4 Kg2 53. Kc3 Kxh3 54. Rg6 g2 55. Kd4 Rh5 56. Rxg2 Kxg2 57. b4 Kf3 58. b5 Rh4+ 59. Kd5 Rxa4 60. b6 Rb4 61. Kc6 Ke4 62. Kc7 Rc4+ 63. Kd7 Rb4 64. Kc7 1/2-1/2

[Event "Mercredi 2025.02.19 ABCD"]
[Site "Montreal CAN"]
[Date "2025.03.19"]
[Round "5"]
[White "Chapdelaine, Gwyn"]
[Black "Pomerantz, Daniel"]
[Result "1/2-1/2"]
[WhiteElo "2174"]
[BlackElo "2108"]
[WhiteFideId "-1"]
[WhiteFideId "-1"]
[PlyCount "73"]
[GameId "2157618670117076"]
[EventDate "2025.02.19"]
[EventType "tourn"]
[EventRounds "5"]
[EventCountry "CAN"]

1. e4 c5 2. Nc3 Nc6 3. Bb5 Nd4 4. Nf3 e6 5. O-O a6 6. Bd3 Nc6 7. Re1 d6 8. Bf1 Nf6 9. d4 cxd4 10. Nxd4 Be7 11. Be3 Bd7 12. a4 O-O 13. Nb3 Ne5 14. a5 Rc8 15. Bb6 Qe8 16. Nd2 Bc6 17. f4 Ned7 18. Bf2 Qd8 19. b4 e5 20. Nc4 Qc7 21. Nb6 Nxb6 22. Bxb6 Qd7 23. Nd5 exf4 24. c4 Rfe8 25. Qf3 Bxd5 26. exd5 Qg4 27. Qxg4 Nxg4 28. c5 dxc5 29. bxc5 Bf6 30. Rxe8+ Rxe8 31. Rd1 Re1 32. Rxe1 Bd4+ 33. Kh1 Nf2+ 34. Kg1 Ng4+ 35. Kh1 Nf2+ 36. Kg1 Ng4+ 37. Kh1 1/2-1/2

[Event "Mercredi 2025.02.19 ABCD"]
[Site "Montreal CAN"]
[Date "2025.03.19"]
[Round "5"]
[White "Chasles, Jean-Benoit"]
[Black "Bain-Thouverez, Aurelien"]
[Result "1-0"]
[WhiteElo "1742"]
[BlackElo "1804"]
[WhiteFideId "-1"]
[WhiteFideId "-1"]
[PlyCount "61"]
[GameId "2157618670129407"]
[EventDate "2025.02.19"]
[EventType "tourn"]
[EventRounds "5"]
[EventCountry "CAN"]

1. e4 d5 2. exd5 Nf6 3. Bb5+ Bd7 4. Bc4 Bg4 5. f3 Bf5 6. Nc3 h5 7. d4 Nbd7 8. Bg5 Nb6 9. Bb3 Nbxd5 10. Nxd5 Nxd5 11. Qe2 c6 12. O-O-O Qd7 13. h4 O-O-O 14. Nh3 Bxh3 15. Rxh3 f6 16. Bd2 e6 17. Rhh1 Bd6 18. Ba5 Rde8 19. Kb1 Re7 20. c4 Nf4 21. Qf2 e5 22. dxe5 Qf5+ 23. Bc2 Qxe5 24. Qxa7 Bb8 25. Qa8 Nxg2 26. Bb4 Re6 27. Bc3 Qf4 28. Rhg1 Ne3 29. Rxg7 Rd6 30. Qxb7+ Kd8 31. Qxb8# 1-0

[Event "Mercredi 2025.02.19 ABCD"]
[Site "Montreal CAN"]
[Date "2025.03.19"]
[Round "5"]
[White "Genzling, Jerome"]
[Black "Mok, Yuen Tak"]
[Result "1-0"]
[WhiteElo "2104"]
[BlackElo "2136"]
[WhiteFideId "-1"]
[WhiteFideId "-1"]
[PlyCount "139"]
[GameId "2157618670117075"]
[EventDate "2025.02.19"]
[EventType "tourn"]
[EventRounds "5"]
[EventCountry "CAN"]

1. e4 c6 2. Nf3 d5 3. Nc3 Bg4 4. h3 Bxf3 5. Qxf3 e6 6. Be2 Bc5 7. O-O Nd7 8. Rd1 d4 9. Nb1 Ne5 10. Qg3 d3 11. Bxd3 Nxd3 12. cxd3 Ne7 13. Nc3 Ng6 14. d4 Bxd4 15. d3 O-O 16. Ne2 a5 17. Rb1 e5 18. Nxd4 exd4 19. f4 f5 20. e5 Qd5 21. b3 Rfe8 22. Ba3 c5 23. Rdc1 b6 24. Rc2 Re6 25. Bc1 b5 26. a3 h6 27. Bd2 Nf8 28. Kf2 b4 29. Qf3 Qxf3+ 30. Kxf3 Nd7 31. Ra2 Rc8 32. axb4 axb4 33. g4 g6 34. Ra7 Nf8 35. Rg1 fxg4+ 36. hxg4 g5 37. fxg5 hxg5 38. Bxg5 Ng6 39. Bf6 Nxe5+ 40. Bxe5 Rxe5 41. Kf4 Rce8 42. Rc7 R8e7 43. Rc1 Kf7 44. R1xc5 Rxc5 45. Rxc5 Re3 46. Rb5 Rxd3 47. Rxb4 Ke6 48. Ke4 Rg3 49. Rb6+ Kd7 50. Kf4 Rc3 51. g5 Ke7 52. g6 Rc8 53. Ke4 Rd8 54. Kd3 Kf8 55. b4 Kg8 56. b5 Kg7 57. Rc6 Rd7 58. b6 Rd5 59. Re6 Rd7 60. Rc6 Rd5 61. b7 Rb5 62. Rc7+ Kxg6 63. Kxd4 Kf6 64. Kc4 Rb1 65. Kc5 Rc1+ 66. Kb6 Rb1+ 67. Ka7 Ra1+ 68. Kb8 Ke6 69. Kc8 Rh1 70. b8=Q 1-0

[Event "Mercredi 2025.02.19 ABCD"]
[Site "Montreal CAN"]
[Date "2025.03.19"]
[Round "5"]
[White "Hartner, Rian"]
[Black "Gadbois, Patrick"]
[Result "1-0"]
[WhiteElo "1850"]
[BlackElo "1901"]
[WhiteFideId "-1"]
[WhiteFideId "-1"]
[PlyCount "71"]
[GameId "2157618670129392"]
[EventDate "2025.02.19"]
[EventType "tourn"]
[EventRounds "5"]
[EventCountry "CAN"]

1. e4 e6 2. d4 d5 3. Nc3 Nf6 4. e5 Nfd7 5. f4 c5 6. Nf3 Nc6 7. Be3 a6 8. Qd2 b5 9. a3 Qb6 10. Ne2 Bb7 11. c3 cxd4 12. Nexd4 Bc5 13. b4 Nxd4 14. Nxd4 Bxd4 15. Bxd4 Qc7 16. Bd3 Nb6 17. Qf2 Nc4 18. O-O g6 19. Bc5 h5 20. Rfd1 h4 21. Bxc4 bxc4 22. h3 Rc8 23. Rd4 Qd8 24. Rad1 Bc6 25. Rxc4 Ba4 26. Rd2 Qc7 27. Rcd4 g5 28. fxg5 Qxe5 29. Rxh4 Rxh4 30. Qxh4 Qxc3 31. Rf2 Bb5 32. g6 Qe1+ 33. Kh2 Qe5+ 34. g3 Rxc5 35. gxf7+ Kd7 36. bxc5 1-0

[Event "Mercredi 2025.02.19 ABCD"]
[Site "Montreal CAN"]
[Date "2025.03.19"]
[Round "5"]
[White "Jacquet, Stephane"]
[Black "Di Matteo, Alessio"]
[Result "1-0"]
[WhiteElo "2042"]
[BlackElo "1973"]
[WhiteFideId "-1"]
[WhiteFideId "-1"]
[PlyCount "67"]
[GameId "2157618670129378"]
[EventDate "2025.02.19"]
[EventType "tourn"]
[EventRounds "5"]
[EventCountry "CAN"]

1. Nf3 Nf6 2. b3 g6 3. Bb2 Bg7 4. e4 d6 5. Bc4 O-O 6. Qe2 e5 7. O-O Bg4 8. h3 Bxf3 9. Qxf3 Nh5 10. g3 Nc6 11. a4 Kh8 12. Na3 f5 13. exf5 Rxf5 14. Qg2 Qd7 15. Be2 Rg5 16. Bg4 Qf7 17. d3 Rf8 18. Rae1 Nd4 19. Bxd4 exd4 20. f4 Rc5 21. b4 Rc3 22. Nb5 Rc6 23. Be6 Qf6 24. Bd5 Rb6 25. Nxc7 Rxb4 26. Ne6 Rc8 27. g4 Rb2 28. Re2 Nxf4 29. Rxf4 Qh4 30. Nxg7 Kxg7 31. Ref2 Rb1+ 32. Kh2 Re1 33. g5 h6 34. Rxh4 1-0

[Event "Mercredi 2025.02.19 ABCD"]
[Site "Montreal CAN"]
[Date "2025.03.19"]
[Round "5"]
[White "Latorre, Vincent"]
[Black "Batorshyn, Ilia"]
[Result "1/2-1/2"]
[WhiteElo "2368"]
[BlackElo "2253"]
[WhiteFideId "-1"]
[WhiteFideId "-1"]
[PlyCount "47"]
[GameId "2157618670117077"]
[EventDate "2025.02.19"]
[EventType "tourn"]
[EventRounds "5"]
[EventCountry "CAN"]

1. g3 d5 2. Nf3 Nf6 3. Bg2 c6 4. O-O Bg4 5. h3 Bxf3 6. exf3 e6 7. f4 Bd6 8. d4 O-O 9. Nd2 c5 10. dxc5 Bxc5 11. c4 Nc6 12. Nb3 Bb6 13. c5 Bc7 14. Be3 Re8 15. Rc1 e5 16. fxe5 Bxe5 17. Bd4 Qc7 18. Qd3 Rad8 19. Rfd1 Ne4 20. Bxe5 Qxe5 21. Nd4 Qf6 22. Nxc6 Qxf2+ 23. Kh1 bxc6 24. Bxe4 1/2-1/2

[Event "Mercredi 2025.02.19 ABCD"]
[Site "Montreal CAN"]
[Date "2025.03.19"]
[Round "5"]
[White "Liao, Minyam"]
[Black "Cebria Oliveira, Gabriel"]
[Result "0-1"]
[WhiteElo "1714"]
[BlackElo "1804"]
[WhiteFideId "-1"]
[WhiteFideId "-1"]
[PlyCount "70"]
[GameId "2157618670129406"]
[EventDate "2025.02.19"]
[EventType "tourn"]
[EventRounds "5"]
[EventCountry "CAN"]

1. e4 d6 2. d4 Nf6 3. Nc3 g6 4. Be3 c6 5. a4 Nbd7 6. Nf3 Bg7 7. h3 Qc7 8. Be2 e5 9. dxe5 Nxe5 10. O-O O-O 11. Qd2 Nxf3+ 12. Bxf3 Be6 13. Rad1 Rfd8 14. Bf4 Bf8 15. Bg5 Bg7 16. Qf4 Qe7 17. Rd2 Rd7 18. Rfd1 Rad8 19. e5 dxe5 20. Rxd7 Bxd7 21. Qh4 h6 22. Bxh6 Bxh6 23. Qxh6 Bf5 24. Qe3 Rxd1+ 25. Bxd1 b6 26. g4 Bd7 27. Bf3 Qd6 28. Ne4 Nxe4 29. Bxe4 Qd4 30. Qxd4 exd4 31. Kh2 c5 32. b3 c4 33. Bd5 d3 34. cxd3 c3 35. d4 c2 0-1

[Event "Mercredi 2025.05.07 ABCD"]
[Site "Montreal CAN"]
[Date "2025.05.07"]
[Round "1"]
[White "Ali, Nehad"]
[Black "Ghnatios, Ralph"]
[Result "0-1"]
[WhiteElo "1958"]
[BlackElo "1953"]
[WhiteFideId "-1"]
[WhiteFideId "-1"]
[PlyCount "124"]
[GameId "2185064695933833"]
[EventDate "2025.05.07"]
[EventType "tourn"]
[EventRounds "5"]
[EventCountry "CAN"]

1. c4 e5 2. Nc3 Nc6 3. g3 f5 4. Bg2 Nf6 5. e3 d5 6. Nge2 Nb4 7. d4 dxc4 8. O-O e4 9. a3 Nbd5 10. Qa4+ c6 11. Qxc4 Be6 12. Nxd5 Bxd5 13. Qc2 Bd6 14. b4 O-O 15. Bd2 Qe7 16. Rfc1 b5 17. a4 Bc4 18. Be1 Nd5 19. Qb2 Bxb4 20. Nf4 Bxe1 21. Nxd5 Bxf2+ 22. Kxf2 cxd5 23. axb5 Rab8 24. Qa3 Rf7 25. Bf1 Qxa3 26. Rxa3 Bxf1 27. Kxf1 Rd7 28. Rc5 Kf7 29. Ke2 Rb6 30. Kd2 Rh6 31. h4 Rg6 32. Kc3 Rxg3 33. Kb4 f4 34. Rcc3 f3 35. Rc2 Rg6 36. Raa2 Rf6 37. Rc6 Rf5 38. Rf2 Rh5 39. Kc5 g5 40. hxg5 Rxg5 41. Rh6 Kg7 42. Rfh2 Kg8 43. Rf2 Rg2 44. Rf1 Rc2+ 45. Kb4 f2 46. Rh5 Kg7 47. Rh2 Rf7 48. Kb3 Re2 49. Kb4 Re1 50. Rhxf2 Rxf2 51. Rxf2 Rxe3 52. Kc5 Rf3 53. Rg2+ Kf6 54. Kxd5 Kf5 55. Rg8 h5 56. Rh8 e3 57. Rxh5+ Kg4 58. Re5 Rf5 59. Kd6 Rxe5 60. dxe5 e2 61. e6 e1=Q 62. e7 Qb4+ 0-1

[Event "Mercredi 2025.05.07 ABCD"]
[Site "Montreal CAN"]
[Date "2025.05.07"]
[Round "1"]
[White "Bain-Thouverez, Aurelien"]
[Black "Qi, Jason"]
[Result "1-0"]
[WhiteElo "1757"]
[BlackElo "1698"]
[WhiteFideId "-1"]
[WhiteFideId "-1"]
[PlyCount "81"]
[GameId "2185064695933856"]
[EventDate "2025.05.07"]
[EventType "tourn"]
[EventRounds "5"]
[EventCountry "CAN"]

1. Nf3 d5 2. g3 c5 3. Bg2 Nf6 4. O-O e6 5. d4 Nc6 6. c4 dxc4 7. Qa4 Bd7 8. Qxc4 cxd4 9. Nxd4 Rc8 10. Rd1 Qb6 11. Nc3 Nxd4 12. Qxd4 Qxd4 13. Rxd4 Bc5 14. Rd3 Bc6 15. Bxc6+ Rxc6 16. Bg5 Be7 17. Rad1 h6 18. Bxf6 Bxf6 19. Ne4 Be7 20. Rd7 Rb6 21. b3 f5 22. Nc5 Bf6 23. Nxb7 O-O 24. Nc5 Rc8 25. Na4 Ra6 26. R1d6 Ra5 27. Rxe6 Rc2 28. h4 Rxa2 29. Re8+ Kh7 30. h5 f4 31. g4 Re5 32. Rdd8 Bxd8 33. Rxe5 Ra1+ 34. Kg2 Rb1 35. Re8 Bf6 36. Nc5 Bd4 37. Ne6 Bf6 38. Nxf4 g5 39. hxg6+ Kg7 40. Nh5+ Kxg6 41. Re6 1-0

[Event "Mercredi 2025.05.07 ABCD"]
[Site "Montreal CAN"]
[Date "2025.05.07"]
[Round "1"]
[White "Batorshyn, Ilia"]
[Black "Genzling, Jerome"]
[Result "1-0"]
[WhiteElo "2332"]
[BlackElo "2140"]
[WhiteFideId "-1"]
[WhiteFideId "-1"]
[PlyCount "81"]
[GameId "2185064695868287"]
[EventDate "2025.05.07"]
[EventType "tourn"]
[EventRounds "5"]
[EventCountry "CAN"]

1. Nf3 d5 2. d4 e6 3. e3 Nf6 4. Bd3 b6 5. O-O Bb7 6. Nbd2 Bd6 7. b3 Nbd7 8. Bb2 Ne4 9. c4 O-O 10. Qe2 f5 11. cxd5 exd5 12. Ba6 Bxa6 13. Qxa6 Qe8 14. Ba3 Bxa3 15. Qxa3 c5 16. Qa4 Ndf6 17. Qxe8 Rfxe8 18. dxc5 bxc5 19. Rac1 a5 20. Nxe4 fxe4 21. Nd2 Nd7 22. Nb1 Rac8 23. Rc2 Kf7 24. Rd1 Ke6 25. Nc3 Nf6 26. Na4 c4 27. Rdc1 Red8 28. h3 d4 29. exd4 Rxd4 30. Nb6 Rcd8 31. Nxc4 R8d5 32. Ne3 Rd7 33. Rc6+ Kf7 34. Nc4 Ra7 35. Nd6+ Rxd6 36. Rxd6 a4 37. b4 a3 38. b5 Rb7 39. b6 Ne8 40. Rdc6 Ke7 41. Rc7+ 1-0

[Event "Mercredi 2025.05.07 ABCD"]
[Site "Montreal CAN"]
[Date "2025.05.07"]
[Round "1"]
[White "Boudreau, Daniel"]
[Black "Navarro, Pavel"]
[Result "1/2-1/2"]
[WhiteElo "1890"]
[BlackElo "1888"]
[WhiteFideId "-1"]
[WhiteFideId "-1"]
[PlyCount "64"]
[GameId "2185064695933846"]
[EventDate "2025.05.07"]
[EventType "tourn"]
[EventRounds "5"]
[EventCountry "CAN"]

1. e4 c5 2. Nf3 d6 3. Bb5+ Bd7 4. Bxd7+ Qxd7 5. c4 Nc6 6. Nc3 Nf6 7. O-O g6 8. d4 cxd4 9. Nxd4 Nxd4 10. Qxd4 Bg7 11. Bg5 h6 12. Be3 O-O 13. Qd2 Qe6 14. Bxh6 Nxe4 15. Nxe4 Qxe4 16. Bxg7 Kxg7 17. b3 Qh4 18. Qc3+ Qf6 19. Qe3 a6 20. Rfe1 Rfe8 21. Qb6 Rab8 22. Rad1 Rec8 23. Rd3 Rc6 24. Qa7 Rbc8 25. Rf3 Qb2 26. a4 Qd2 27. Rfe3 e6 28. h3 d5 29. R1e2 Qd1+ 30. Re1 Qd2 31. R1e2 Qd1+ 32. Re1 Qd2 1/2-1/2

[Event "Mercredi 2025.05.07 ABCD"]
[Site "Montreal CAN"]
[Date "2025.05.07"]
[Round "1"]
[White "Chapdelaine, Gwyn"]
[Black "Pomerantz, Daniel"]
[Result "1-0"]
[WhiteElo "2118"]
[BlackElo "2116"]
[WhiteFideId "-1"]
[WhiteFideId "-1"]
[PlyCount "67"]
[GameId "2185064695868288"]
[EventDate "2025.05.07"]
[EventType "tourn"]
[EventRounds "5"]
[EventCountry "CAN"]

1. d4 Nf6 2. c4 g6 3. g3 Bg7 4. Bg2 O-O 5. Nc3 c5 6. Nf3 d6 7. Bg5 h6 8. Bxf6 Bxf6 9. O-O Nc6 10. d5 Na5 11. Nd2 a6 12. Qc2 Rb8 13. a3 b5 14. cxb5 axb5 15. b4 cxb4 16. axb4 Nc4 17. Nxc4 bxc4 18. Rab1 Bf5 19. Ne4 Bxe4 20. Qxe4 Qc7 21. h4 Rb5 22. h5 g5 23. f4 Rxb4 24. Rxb4 Qc5+ 25. Kh2 Qxb4 26. fxg5 Bxg5 27. Bh3 Qc5 28. Be6 Kh8 29. Bxf7 c3 30. Qg6 Qe3 31. Rf5 c2 32. Be6 Bf6 33. Rf4 c1=Q 34. Qxh6# 1-0

[Event "Mercredi 2025.05.07 ABCD"]
[Site "Montreal CAN"]
[Date "2025.05.07"]
[Round "1"]
[White "Cote, Etienne"]
[Black "Allaire, Denis"]
[Result "1-0"]
[WhiteElo "1700"]
[BlackElo "1815"]
[WhiteFideId "-1"]
[WhiteFideId "-1"]
[PlyCount "67"]
[GameId "2185064695933858"]
[EventDate "2025.05.07"]
[EventType "tourn"]
[EventRounds "5"]
[EventCountry "CAN"]

1. e4 c6 2. Nc3 d5 3. Nf3 dxe4 4. Nxe4 Nf6 5. Qe2 Nxe4 6. Qxe4 Be6 7. c4 g6 8. d4 Bg7 9. Be2 b5 10. b3 O-O 11. O-O Bf5 12. Qh4 bxc4 13. Bxc4 Nd7 14. Bh6 e6 15. Ng5 Bxh6 16. Qxh6 Nf6 17. Rad1 Qe7 18. h3 Be4 19. Rfe1 Bd5 20. Re3 Rfd8 21. Rdd3 Qf8 22. Qh4 Kg7 23. Bxd5 Rxd5 24. g4 Qd6 25. Rf3 Rxg5 26. Qxg5 Nd5 27. Qe5+ Qxe5 28. dxe5 Rb8 29. Rd4 Rb5 30. Ra4 a5 31. Rc4 Rb6 32. a3 Kf8 33. Kf1 Ke7 34. g5 1-0